Najlepsi użytkownicy Jetpunk na każdą literę - Statystyki

Ogólne statystyki
  • Ten quiz został rozwiązany 4 razy
  • Średni wynik to 2 z 26
Statystyki odpowiedzi
Litera Odpowiedź % Poprawnych
Q Quizmaster
75%
Y youtubeplayer
75%
A ArjayPL
25%
S Stewart
25%
B BolyaiAnna
0%
C CBTemple
0%
D DeutschPunk
0%
E Elboy
0%
F Fouquets
0%
G Gamer1162
0%
H HinesBrothers
0%
I interopia
0%
J Jerry928
0%
K KoljiVriVoda
0%
L LBA
0%
M miki2003
0%
N nichster
0%
O overtired
0%
P punkfrancais
0%
R Relessness
0%
T Tottenham63
0%
U UG332
0%
V Vicky
0%
W WolfCam
0%
X X2theB
0%
Z zwizdan007
0%
Nie znaleziono quizów pasujących do podanych kryteriów
Rozkład punktacji
Procent ludzi z każdym wynikiem
Percentyl według liczby udzielonych odpowiedzi
Twoja historia wyników
Nie rozwiązałeś tego quizu